00601 a2200145 4500001000700000040002200007041001600029082000900045100002700054245002500081250001000106260002100116490001500137520030300152142470 cLeonardo Da Vinci aPortuguês av212 aEDUCACIONAL SHOP VIDEO aSeções cônicas av.1-2 bESVaSão Paulo aTV Ontario aTrata das propriedades das figuras conhecidas como seções cônicas. Desenvolve-se a equação do círculo, assim como o mapeamento das transformações que descrevem qualquer círculo no plano cartesiano. Introduz-se a diretriz e demonstra-se métodos práticos de se desenhar os cones